Statistics for Premier League Players by Name - H

Click here to take the quiz!

General Stats

  • This quiz has been taken 21 times
  • The average score is 10 of 21

Answer Stats

PositionClubNationPlayer% Correct
GKManchester UnitedEnglandDean Henderson
94%
MFLiverpoolEnglandJordan Henderson
94%
FWChelseaGermanyKai Havertz
81%
MFTottenham HotspurDenmarkPierre-Emile Hojbjerg
75%
FWChelseaEnglandCallum Hudson-Odoi
69%
FWWolvesSouth KoreaHwang Hee-Chan
63%
DFArsenalEnglandRob Holding
63%
GKBurnleyWalesWayne Hennessey
56%
MFLeeds UnitedEnglandJack Harrison
50%
MFNewcastle UnitedIrelandJeff Hendrick
50%
GKManchester UnitedEnglandTom Heaton
50%
DFNorwich CityScotlandGrant Hanley
44%
DFWolvesNetherlandsKi-Jana Hoever
38%
DFEvertonEnglandMason Holgate
38%
FWWatfordColombiaCucho Hernandez
31%
DFAston VillaEnglandKortney Hause
31%
DFBrentfordEnglandRico Henry
31%
MFNewcastle UnitedEnglandIsaac Hayden
25%
MFCrystal PalaceEnglandWill Hughes
19%
DFCrystal PalaceEnglandReece Hannam
13%
FWBrentfordEnglandMaxwell Haygarth
0%

Score Distribution

Percentile by Number Answered

Percent of People with Each Score

Your Score History

You have not taken this quiz